Limited-dependent and qualitative variables in econometrics / (Record no. 15313)

000 -LEADER
fixed length control field 00602pam a2200181 a 4500
020 ## - INTERNATIONAL STANDARD BOOK NUMBER
ISBN 052124143X
040 ## - CATALOGING SOURCE
Transcribing agency DLC
082 00 - DEWEY DECIMAL CLASSIFICATION NUMBER
Classification number 330 CAM 1983 A075 Or.
100 1# - MAIN ENTRY--AUTHOR NAME
Personal name Maddala, G. S.
245 10 - TITLE STATEMENT
Title Limited-dependent and qualitative variables in econometrics /
260 ## - PUBLICATION, DISTRIBUTION, ETC. (IMPRINT)
Place of publication Cambridge [Cambridgeshire] ;
-- New York :
Name of publisher Cambridge University Press,
Year of publication 1983.
300 ## - PHYSICAL DESCRIPTION
Number of Pages xi, 401 p. ;
Dimensions 24 cm.
500 ## - GENERAL NOTE
General note Includes index.
650 #0 - SUBJECT ADDED ENTRY--TOPICAL TERM
Topical Term Econometrics.
856 42 - ELECTRONIC LOCATION AND ACCESS
Uniform Resource Identifier http://www.loc.gov/catdir/description/cam022/82009554.html
856 41 - ELECTRONIC LOCATION AND ACCESS
Uniform Resource Identifier http://www.loc.gov/catdir/toc/cam026/82009554.html
942 ## - ADDED ENTRY ELEMENTS (KOHA)
Koha item type សៀវភៅភាសាអង់គ្លេស
952 ## - LOCATION AND ITEM INFORMATION (KOHA)
Withdrawn status [LOCAL, KOHA] 0
Holdings
Permanent Location Date acquired Koha item type Lost status Shelving location Barcode Current Location Full call number
Library Block A2017-11-15សៀវភៅភាសាអង់គ្លេស A075A06042Library Block A330 CAM 1983 A075 Or.
មជ្ឈមណ្ឌលឯការនៃសាកលវិទ្យាល័យភូមិន្ទកសិកម្មចំការដូង

Powered by Koha